| 000 | 01119nam a2200277 a 4500 | ||
|---|---|---|---|
| 001 | 71049 | ||
| 003 | BD-RjUL | ||
| 005 | 20211209082055.0 | ||
| 008 | 170424s1968 bg a|||| |||| 00| 0 ben d | ||
| 035 | _a(BD-RjUL)71263 | ||
| 040 |
_aBD-RjUL _bben _cBD-RjUL |
||
| 041 | _aben | ||
| 082 |
_223 _a551.55 _bHIJ 1968 |
||
| 100 | 1 |
_aহিটে, ক্যাথরিন _9210202 |
|
| 245 | 1 | 0 |
_aঝড় ঝঞ্ঝা ঘূর্ণি / _cক্যাথরিন হিটে ; অনুবাদ হাসানুজ্জামান খান |
| 260 |
_aঢাকা : _bঅক্ষরিকা, _c১৯৬৮. |
||
| 300 |
_a৬১ পৃ. : _bচিত্র ; _c২২ সেমি. |
||
| 490 | _aসহজ বিজ্ঞান সিরিজ-৮ | ||
| 650 |
_aঝড় _9210203 |
||
| 650 |
_aStorms. _9210204 |
||
| 650 |
_aঝড় _xকিশোর সাহিত্য _9210205 |
||
| 650 |
_aStorms _xJuvenile literature. _9210206 |
||
| 700 |
_aখান, হাসানুজ্জামান _9210207 |
||
| 830 |
_aসহজ বিজ্ঞান সিরিজ-৮ _9210208 |
||
| 942 |
_2ddc _cBK |
||
| 999 |
_c71049 _d71049 |
||